Online
Catalog

Obras completas / (Record no. 22542)

MARC details
000 -CABECERA
campo de control de longitud fija 01181nam a2200277 a 4500
001 - NÚMERO DE CONTROL
campo de control 000023045
005 - FECHA Y HORA DE LA ÚLTIMA TRANSACCIÓN
campo de control 20200930021943.0
008 - DATOS DE LONGITUD FIJA--INFORMACIÓN GENERAL
campo de control de longitud fija 101125s1973 ve r 000 0 spa d
040 ## - FUENTE DE LA CATALOGACIÓN
Centro catalogador/agencia de origen DO-SdBNP
Lengua de catalogación spa
Centro/agencia transcriptor BNPHU
082 ## - NÚMERO DE LA CLASIFICACIÓN DECIMAL DEWEY
Número de clasificación V861.6
Número de documento/Ítem B641ó
049 ## - FONDOS LOCALES (OCLC)
Fondos de biblioteca BNGR
100 1# - ENTRADA PRINCIPAL--NOMBRE DE PERSONA
Nombre de persona Blanco, Andrés Eloy,
Fechas asociadas al nombre 1898-1955
9 (RLIN) 3991
245 10 - MENCIÓN DE TÍTULO
Título Obras completas /
Mención de responsabilidad, etc. Andrés Eloy Blanco.
260 ## - PUBLICACIÓN, DISTRIBUCIÓN, ETC.
Lugar de publicación, distribución, etc. Caracas :
Nombre del editor, distribuidor, etc. Ediciones de Congreso de la República,
Fecha de publicación, distribución, etc. 1973.
300 ## - DESCRIPCIÓN FÍSICA
Extensión v. ;
Dimensiones 21 cm.
505 1# - NOTA DE CONTENIDO CON FORMATO
Información miscelánea v. 2 - v.5
Título Periodismo /
Mención de responsabilidad Prólogo de Pedro Sotillo.
Información miscelánea v.3
Título Discurso /
Mención de responsabilidad Prólogo de Manuel Alfredo Rodríguez.
Información miscelánea v.4
Título Humorismo /
Mención de responsabilidad Prólogo de Luis Pastori.
Información miscelánea v.5
Título Ensayos/
Mención de responsabilidad Prólogo de Juan Liscano y Domingo Miliani.
Información miscelánea v.6
Título Teatro /
Mención de responsabilidad Prólogo de Dionisio López Orihuela.
650 #4 - PUNTO DE ACCESO ADICIONAL DE MATERIA--TÉRMINO DE MATERIA
Término de materia o nombre geográfico como elemento de entrada Poesía venezolana
9 (RLIN) 4230
650 #4 - PUNTO DE ACCESO ADICIONAL DE MATERIA--TÉRMINO DE MATERIA
Término de materia o nombre geográfico como elemento de entrada Poesía amorosa
9 (RLIN) 9227
650 #4 - PUNTO DE ACCESO ADICIONAL DE MATERIA--TÉRMINO DE MATERIA
Término de materia o nombre geográfico como elemento de entrada Literatura venezolana
Subdivisión cronológica SIGLO XX
9 (RLIN) 9777
700 1# - PUNTO DE ACCESO ADICIONAL--NOMBRE DE PERSONA
Nombre de persona Sotillo, Pedro,
Término indicativo de función/relación pról.
9 (RLIN) 21288
700 1# - PUNTO DE ACCESO ADICIONAL--NOMBRE DE PERSONA
Nombre de persona Rodríguez, Manuel Alfredo,
Término indicativo de función/relación pról.
9 (RLIN) 9016
700 1# - PUNTO DE ACCESO ADICIONAL--NOMBRE DE PERSONA
Nombre de persona Pastori, Luis,
Término indicativo de función/relación pról.
9 (RLIN) 4507
700 1# - PUNTO DE ACCESO ADICIONAL--NOMBRE DE PERSONA
Nombre de persona Liscano, Juan,
Término indicativo de función/relación pról.
9 (RLIN) 9018
700 1# - PUNTO DE ACCESO ADICIONAL--NOMBRE DE PERSONA
Nombre de persona Miliani, Domingo,
Término indicativo de función/relación pról.
9 (RLIN) 5169
700 1# - PUNTO DE ACCESO ADICIONAL--NOMBRE DE PERSONA
Nombre de persona López Orihuela, Dionisio,
Término indicativo de función/relación pról.
9 (RLIN) 47419
Holdings
Estado de retiro Estado de pérdida Restricciones de uso No para préstamo Código de colección Localización permanente Ubicación/localización actual Ubicación en estantería Fecha de adquisición Número de inventario Total de préstamos Signatura topográfica completa Código de barras Fecha visto por última vez Precio válido a partir de Tipo de ítem Koha Número de copia
      Excluido de préstamo Monografías: Libros y Folletos General General Depósito 25.11.2010 LF1   V861.6 B641ó 23045-10 25.06.2020 25.06.2020 No se presta  
      Excluido de préstamo Monografías: Libros y Folletos General General Depósito 21.07.2014 LF1   V861.6 B641ó 23045-20 25.06.2020 25.06.2020 No se presta e. 2
        Monografías: Libros y Folletos General General Depósito 21.07.2014 LF1   V861.6 B641ó 23045-30 25.06.2020 25.06.2020 Préstamo en sala e. 3
        Monografías: Libros y Folletos General General Depósito 21.07.2014 LF1   V861.6 B641ó 23045-40 25.06.2020 25.06.2020 Préstamo en sala e. 4

Powered by Koha